书目信息 |
| 题名: |
汽车排放污染控制系统简明教程
|
|
| 作者: | 李孟亮 | |
| 分册: | ||
| 出版信息: | 武汉 武汉工业大学出版社 2016 |
|
| 页数: | 67页 | |
| 开本: | 26cm | |
| 丛书名: | ||
| 单 册: | ||
| 中图分类: | X734.201 | |
| 科图分类: | ||
| 主题词: | 废物 , 废物处理 , 废物综合利用 | |
| 电子资源: | ||
| ISBN: | 978-7-5629-4948-0 | |
| 000 | 00698nam0 2200229 450 | |
| 001 | 3697 | |
| 005 | 20160927091753.59 | |
| 010 | @a978-7-5629-4948-0@b平装@dCNY39.00 | |
| 100 | @a20151001d2016 km y0chiy0120 ea | |
| 101 | 0 | @achi |
| 102 | @aCN@b420000 | |
| 200 | 1 | @a汽车排放污染控制系统简明教程@Aqi che pai fang wu ran kong zhi xi tong jian ming jiao cheng@f李孟亮@Fli meng liang |
| 210 | @a武汉@c武汉工业大学出版社@d2016 | |
| 215 | @a67页@d26cm | |
| 330 | @a汽车排气污染·污染控制·教材 | |
| 606 | 0 | @a废物 |
| 606 | 0 | @a废物处理 |
| 606 | 0 | @a废物综合利用 |
| 690 | @aX734.201@v4 | |
| 701 | 0 | @a李孟亮@Ali meng liang |
| 801 | 0 | @aCN@b唐山师范学院图书馆@c20151002 |
| 905 | @aZUCC@dX734.201@e203 | |
| 汽车排放污染控制系统简明教程/李孟亮.-武汉:武汉工业大学出版社,2016 |
| 67页;26cm |
| ISBN 978-7-5629-4948-0(平装):CNY39.00 |
| 汽车排气污染·污染控制·教材 |
| ● |
| 相关链接 |
|
|
|
|
正题名:汽车排放污染控制系统简明教程
索取号:X734.201/203
 
预约/预借
| 序号 | 登录号 | 条形码 | 馆藏地/架位号 | 状态 | 备注 |
| 1 | 906243 | 209062431 | 第二样本阅览室/ [索取号:X734.201/203] | 在馆 | |
| 2 | 906244 | 209062440 | 密集书库-物理学院/ [索取号:X734.201/203] | 在馆 | |
| 3 | 906245 | 209062459 | 第三借阅区/ [索取号:X734.201/203] | 在馆 | |
| 4 | 906246 | 209062468 | 第三借阅区/ [索取号:X734.201/203] | 在馆 | |
| 5 | 906247 | 209062477 | 第三借阅区/ [索取号:X734.201/203] | 在馆 |